| 000 | 00576nam a2200205Ia 4500 | ||
|---|---|---|---|
| 003 | OSt | ||
| 005 | 20230426105015.0 | ||
| 008 | 210423s2009 xx 000 0 und d | ||
| 020 | _a9781412942140 | ||
| 040 | _cAL | ||
| 041 | _aeng | ||
| 082 | _a302.20175 ARNR | ||
| 100 |
_aARNETT (Ronald C);others. _979407 |
||
| 245 | _aCommunication ethics literacy: dialogue and difference. | ||
| 260 |
_aNew Delhi _bSage Publications _c2009 |
||
| 300 |
_axxii,273 _bPB |
||
| 365 | _cINR | ||
| 906 | _aCommunication ; dialogue ; difference. ; ethics ; literacy: | ||
| 942 |
_2ddc _cBK |
||
| 999 |
_c156342 _d156342 |
||